T. E. Lawrence : a biography /

محفوظ في:

المؤلف الرئيسي: Richards, Vyvyan.

التنسيق: كتاب

اللغة: English

منشور في: London : Duckworth, 1949.

سلاسل: Great lives series ; 84.

الموضوعات:

الوسوم: إضافة وسم

لا توجد وسوم, كن أول من يضع وسما على هذه التسجيلة!

رقم الطلب: D568.4 .L45 R53 1949

LEADER 00639cam a2200217Mi 4500
001 ocn271717943
003 OSt
005 20251204114148.0
008 871001s1949 enkc 000 0 eng d
040 |c ARCE Library 
050 4 |a D568.4 .L45 R53 1949 
100 1 |a Richards, Vyvyan. 
245 1 0 |a T. E. Lawrence :   |b a biography /   |c by Vyvyan Richards. 
264 1 |a London :  |b Duckworth,  |c 1949. 
300 |a 144 pages :  |b portrait ;  |c 19 cm. 
490 1 |a Great lives series ;   |v 84. 
600 1 0 |a Lawrence, T. E.  |q (Thomas Edward),  |d 1888-1935. 
830 0 |a Great lives series ;   |v 84. 
901 |a reviewed 
942 |2 lcc  |c BK 
999 |c 55684  |d 55684